National Birds of Countries - Statistics

General Stats
  • This quiz has been taken 22 times
  • The average score is 13 of 40
Answer Stats
National Bird Country % Correct
Kiwi New Zealand
100%
Emu Australia
94%
Italian Sparrow Italy
94%
Gallic Rooster France
88%
Bald Eagle U.S
88%
Peacock India
81%
Andean Condor Ecuador
75%
Djibouti spurfowl Djibouti
69%
Andean Cock-on-a-Rock Peru
63%
Raggiana bird-of-paradise Papua new guinea
50%
Resplendent Quetzal Guatemala
44%
Golden Eagle Mexico
44%
Abyssinian bush crow Ethiopia
38%
Siamese fireback Thailand
38%
Flamingo Bahamas
31%
White tailed Eagle Poland
31%
Barcelos Rooster Portugal
31%
Green Pheasant Japan
25%
Turquois-Browed Motmot El Salvador
19%
Imperial eagle Spain
19%
Rufous Hornero Argentina
13%
Toucan Belize
13%
Kori Botswana
13%
Gray Jay Canada
13%
Red Crowned Crane China
13%
Mute Swan Denmark
13%
Whooper swan Finland
13%
Scarlet Macaw Honduras
13%
Gyrfalcon Iceland
13%
Northern Goshawk North Korea
13%
Vincent Amazon Parrot Saint Vincent and the Grenadines
13%
Saker Falcon Mongolia
6%
Tawny Eagle Ghana
0%
Canje Pheasant Guyana
0%
Barbary Falcon Oman
0%
Gold crested crane Rwanda
0%
Tooth billed pidgeon Samoa
0%
African Spoonbill Senegal
0%
Lesser Kiskadee Suriname
0%
White Tern Tuvalu
0%
No matching quizzes found
Score Distribution
Percent of People with Each Score
Percentile by Number Answered
Your Score History
You have not taken this quiz